Historia general de las civilizaciones / (Record no. 13261)

000 -CABECERA
fixed length control field 01114nam a22002537a 4500
003 - IDENTIFICADOR DEL NÚMERO DE CONTROL
control field AR-CdUCM
008 - DATOS DE LONGITUD FIJA--INFORMACIÓN GENERAL
fixed length control field 190411b ||||| |||| 00| 0 spa d
040 ## - FUENTE DE LA CATALOGACIÓN
Agencia/entidad que catalogó originalmente la obra MUNICIPALIDAD PROVINCIAL DEL CUSCO
Entidad que transcribió la catalogación BIBLIOTECA MUNICIPAL DEL CUSCO
082 ## - NÚMERO DE LA CLASIFICACIÓN DECIMAL DEWEY
No. de Clasificación 086.909 /
Notacion interna C91
100 ## - ENTRADA PRINCIPAL--NOMBRE DE PERSONA
Nombre Personal Crouzet, Maurice
245 ## - MENCIÓN DE TÍTULO
Título Historia general de las civilizaciones /
260 ## - PUBLICACIÓN, DISTRIBUCIÓN, ETC.
Lugar de publicación, distribución, etc. Barcelona :
Nombre de la editorial, distribuidor, etc. Ediciones Destino,
Fecha de publicación, distribución, etc. 1961.
300 ## - DESCRIPCIÓN FÍSICA
Nº de Páginas Extensión 3 tomos ;
Otros detalles físicos láminas, ilustraciones, tablas, mapas,
Dimensiones 23 cm.
505 ## - NOTA DE CONTENIDO CON FORMATO
Nota de contenido formateada Contenido: v.3.- La edad media : La expansión del oriente y el nacimiento de la civilización occidental -- t.4.- Los siglos XVI y XVII el progreso de la civilización europea y la decadencia de oriente (1492 - 1715) -- t.6.- El siglo XIX el apogeo de la expansión europea (1815 - 1914)
650 ## - PUNTO DE ACCESO ADICIONAL DE MATERIA--TÉRMINO DE MATERIA
Descriptor Civilización
9 (RLIN) 1048
650 ## - PUNTO DE ACCESO ADICIONAL DE MATERIA--TÉRMINO DE MATERIA
Descriptor Historia
9 (RLIN) 44047
650 ## - PUNTO DE ACCESO ADICIONAL DE MATERIA--TÉRMINO DE MATERIA
Descriptor Europa
9 (RLIN) 1221
700 ## - PUNTO DE ACCESO ADICIONAL--NOMBRE DE PERSONA
Nombre Personal Auboyer, Jeannine
9 (RLIN) 31582
700 ## - PUNTO DE ACCESO ADICIONAL--NOMBRE DE PERSONA
Nombre Personal Cahen, Claude ... (colaboradores)
9 (RLIN) 31583
700 ## - PUNTO DE ACCESO ADICIONAL--NOMBRE DE PERSONA
Nombre Personal Ripoll Perelló, Eduardo (traducción)
9 (RLIN) 31584
942 ## - ELEMENTOS DE PUNTO DE ACCESO ADICIONAL (KOHA)
Fuente de clasificación
Tipo de item Libros-BMC
945 ## - PROCESAMIENTO DE INFORMACIÓN LOCAL (OCLC)
Catalogador achl
AAAA-MM-DD - Fecha de ingreso o modificacion 2019-04-11
Holdings
Estado de retiro (separado) Fuente de clasificación o esquema de estanterías Estado dañado Ubicación Sala donde se ubica Nombre de la colección Fecha de adquisición o compra Costo, precio normal en soles Signatura topográfica Código de Barras Última vez visto (Koha) Tipo de ítem (Koha)
No     Sala Humanidades Sala Humanidades Book Cart 2019-04-11 60.00 086.909 / C91 / v.3 SH0000010596 2019-04-11 Libros-BMC
No     Sala Humanidades Sala Humanidades Book Cart 2019-10-23   086.909 / C91 / v.4 SH0000002712 2019-10-23 Libros-BMC
No     Sala Humanidades Sala Humanidades Book Cart 2019-10-23   086.909 / C91 / v.6 SH0000002711 2019-10-23 Libros-BMC

Powered by Koha